<?xml version="1.0" encoding="UTF-8"?>
<record
    xmlns:xsi="http://www.w3.org/2001/XMLSchema-instance"
    xsi:schemaLocation="http://www.loc.gov/MARC21/slim http://www.loc.gov/standards/marcxml/schema/MARC21slim.xsd"
    xmlns="http://www.loc.gov/MARC21/slim">

  <leader>03534nam a2200241 a 4500</leader>
  <controlfield tag="001">000000459</controlfield>
  <controlfield tag="003">DO-SdBNP</controlfield>
  <controlfield tag="005">20240412074158.0</controlfield>
  <controlfield tag="008">080603s2007    dr            000 0 spa d</controlfield>
  <datafield tag="020" ind1=" " ind2=" ">
    <subfield code="a">9789945161601</subfield>
  </datafield>
  <datafield tag="040" ind1=" " ind2=" ">
    <subfield code="a">DO-SdBNP</subfield>
    <subfield code="b">spa</subfield>
    <subfield code="c">BNPHU</subfield>
  </datafield>
  <datafield tag="082" ind1=" " ind2="4">
    <subfield code="a">RD863.44</subfield>
    <subfield code="b">L832p</subfield>
    <subfield code="2">22</subfield>
  </datafield>
  <datafield tag="100" ind1="1" ind2=" ">
    <subfield code="a">Logro&#xF1;o Alsace, Rafael,</subfield>
    <subfield code="d">1934-</subfield>
    <subfield code="9">1527</subfield>
  </datafield>
  <datafield tag="245" ind1="1" ind2="3">
    <subfield code="a">El poder en tiempos que pasaron :</subfield>
    <subfield code="b">con los breves relatos de el caser&#xED;o y la extra&#xF1;a historia de Guido y Jos&#xE9; Cartero /</subfield>
    <subfield code="c">Rafael Logro&#xF1;o Alsace.</subfield>
  </datafield>
  <datafield tag="260" ind1=" " ind2=" ">
    <subfield code="a">Santo Domingo :</subfield>
    <subfield code="b">B&#xFA;ho,</subfield>
    <subfield code="c">2007.</subfield>
  </datafield>
  <datafield tag="300" ind1=" " ind2=" ">
    <subfield code="a">125 p. ; :</subfield>
    <subfield code="b">22 cm.</subfield>
  </datafield>
  <datafield tag="505" ind1="1" ind2=" ">
    <subfield code="a">Presentaci&#xF3;n -- El poder -- Una aclaraci&#xF3;n como pre&#xE1;mbulo -- Primeros relato de el caser&#xED;o. Estampa -- Lo que fue la trampa del gallero y los malos presagios del paso de los cangrejos -- El rango que a&#xF1;oraba el capit&#xE1;n. El poder de las devociones y la charla del amigo -- Ahora conoceremos lo que aconteci&#xF3; en una sesi&#xF3;n de seres de espanto que pronostica el final de una era; as&#xED; como las peripecias que pasaron el capit&#xE1;n y su amigo -- La devoci&#xF3;n de Prudencia Mat&#xED;as, con la mala postura de San Antonio. Lo que era el sonido de los grifos ensalmados y porqu&#xE9; ocultaron la barriga de Matilde Cartero -- La pasi&#xF3;n de Sabina Trejo. El por qu&#xE9; de la marcha de los soldados y el error del disidente -- Ya es tiempo de relatar el vergonzoso episodio que tiempo atr&#xE1;s pas&#xF3; el capit&#xE1;n El&#xED;as Espino y su posterior obsesi&#xF3;n por los movimientos de Sabina Trejo -- El reencuentro de dos amigos -- Se reanuda el soliloquio y nota que cuando el barco se est&#xE1; hundiendo le dejan solo -- De regreso a las estampas de el caser&#xED;o, sabremos lo que se coment&#xF3; esa tarde en la bodega de Edelmiro. &#xBF;y si no era nada, entonces? -- Seguimos con los relatos del caser&#xED;o y conoceremos las truhaner&#xED;as del malandr&#xED;n provocador y la verdad de la mentira del prestamista -- Ahora sabremos cuales fueron las consecuencias de ese servicio, con las desgracias que traen en lo cangrejos. El peligro de perder las bolas y la honra de Sabrina Trejo -- Reaparece el misterioso ser de las aguas. No se de confiar en jovencitos con el h&#xE1;bito de mentir y la verdad de los animales -- Todos est&#xE1;n intrigados &#xBF;Qu&#xE9; pas&#xF3; con Magdaleno? -- Regresamos con las aventuras del capit&#xE1;n El&#xED;as Espino y sabremos lo que pas&#xF3; con las aguas personales y las consecuencias del cler&#xE9;n ensalmado -- Lo que le cont&#xF3; Jovito Aguas a Pablo D&#xED;az.</subfield>
  </datafield>
  <datafield tag="505" ind1="1" ind2=" ">
    <subfield code="a">Le quedan pocas cuentas del rosario. La consulta de los astros y la negativa de Josefa Mariel -- Lo que result&#xF3; ser el maligno habitante de las aguas -- El origen de la singular historia de Guido y Jos&#xE9; Cartero y c&#xF3;mo Guido conoce a Matilde Cartero -- Ahora sabremos los estra&#xF1;os acontecimientos que como un estigma trajo ese inmigrante calabr&#xE9;s, a las islas del Caribe y pasan a la mente de Jos&#xE9; Cartero -- Lo que o&#xED;a y escuchaba Josefa Mariel y el fantasma que ella ve&#xED;a en la mente de Jos&#xE9; Cartero -- El padre Juan enfrenta los demonios del ancestro -- Liberada la familia Cartero del engendro infernal, veremos el di&#xE1;logo entre el esbirro y el padre Juan -- C&#xF3;mo fue la huida de Jos&#xE9; Cartero. Su encuentro con Guido, quien lo protege y lo saca del pa&#xED;s -- Lo que le cont&#xF3; Guido a Jos&#xE9; Cartero, mientras navegaba a Puerto Rico y Venezuela -- Lo que suced&#xED;a esa misma noche -- El regreso a la ins&#xF3;lita isla barataria -- Ep&#xED;logo.</subfield>
  </datafield>
  <datafield tag="590" ind1=" " ind2=" ">
    <subfield code="a">Inventariado, 2019/BT</subfield>
  </datafield>
  <datafield tag="650" ind1=" " ind2="0">
    <subfield code="a">Cuentos dominicanos</subfield>
    <subfield code="9">176</subfield>
  </datafield>
  <datafield tag="650" ind1=" " ind2="0">
    <subfield code="a">Literatura dominicana.</subfield>
    <subfield code="9">67</subfield>
  </datafield>
  <datafield tag="942" ind1=" " ind2=" ">
    <subfield code="2">ddc</subfield>
    <subfield code="c">LBS1</subfield>
  </datafield>
  <datafield tag="952" ind1=" " ind2=" ">
    <subfield code="0">0</subfield>
    <subfield code="1">0</subfield>
    <subfield code="5">4</subfield>
    <subfield code="7">5</subfield>
    <subfield code="8">DS</subfield>
    <subfield code="a">BNPHU</subfield>
    <subfield code="b">BNPHU</subfield>
    <subfield code="c">HD</subfield>
    <subfield code="d">2009-07-21</subfield>
    <subfield code="i">LF1</subfield>
    <subfield code="l">0</subfield>
    <subfield code="o">RD863.5 L832p</subfield>
    <subfield code="p">459-30</subfield>
    <subfield code="r">2020-06-25</subfield>
    <subfield code="t">e.3</subfield>
    <subfield code="w">2020-06-25</subfield>
    <subfield code="y">LF1</subfield>
    <subfield code="Z">Pr&#xE9;stamo en sala</subfield>
  </datafield>
  <datafield tag="952" ind1=" " ind2=" ">
    <subfield code="0">0</subfield>
    <subfield code="1">0</subfield>
    <subfield code="5">4</subfield>
    <subfield code="7">5</subfield>
    <subfield code="8">DS</subfield>
    <subfield code="a">BNPHU</subfield>
    <subfield code="b">BNPHU</subfield>
    <subfield code="c">HD</subfield>
    <subfield code="d">2009-07-21</subfield>
    <subfield code="i">LF1</subfield>
    <subfield code="l">0</subfield>
    <subfield code="o">RD863.5 L832p</subfield>
    <subfield code="p">459-40</subfield>
    <subfield code="r">2020-06-25</subfield>
    <subfield code="t">e.4</subfield>
    <subfield code="w">2020-06-25</subfield>
    <subfield code="y">LF1</subfield>
    <subfield code="Z">Pr&#xE9;stamo en sala</subfield>
  </datafield>
  <datafield tag="952" ind1=" " ind2=" ">
    <subfield code="0">0</subfield>
    <subfield code="1">0</subfield>
    <subfield code="5">4</subfield>
    <subfield code="7">5</subfield>
    <subfield code="8">DS</subfield>
    <subfield code="a">BNPHU</subfield>
    <subfield code="b">BNPHU</subfield>
    <subfield code="c">HD</subfield>
    <subfield code="d">2009-07-21</subfield>
    <subfield code="i">LF1</subfield>
    <subfield code="l">0</subfield>
    <subfield code="o">RD863.5 L832p</subfield>
    <subfield code="p">459-50</subfield>
    <subfield code="r">2020-06-25</subfield>
    <subfield code="t">e.5</subfield>
    <subfield code="w">2020-06-25</subfield>
    <subfield code="y">LF1</subfield>
    <subfield code="Z">Pr&#xE9;stamo en sala</subfield>
  </datafield>
  <datafield tag="952" ind1=" " ind2=" ">
    <subfield code="0">0</subfield>
    <subfield code="1">0</subfield>
    <subfield code="5">3</subfield>
    <subfield code="7">1</subfield>
    <subfield code="8">PD</subfield>
    <subfield code="a">BNPHU</subfield>
    <subfield code="b">BNPHU</subfield>
    <subfield code="c">HD</subfield>
    <subfield code="d">2009-07-21</subfield>
    <subfield code="i">LF1</subfield>
    <subfield code="l">0</subfield>
    <subfield code="o">RD863.5 L832p</subfield>
    <subfield code="p">459-10</subfield>
    <subfield code="r">2020-06-25</subfield>
    <subfield code="w">2020-06-25</subfield>
    <subfield code="y">LF1</subfield>
    <subfield code="Z">No se presta</subfield>
  </datafield>
  <datafield tag="952" ind1=" " ind2=" ">
    <subfield code="0">0</subfield>
    <subfield code="1">0</subfield>
    <subfield code="5">3</subfield>
    <subfield code="7">1</subfield>
    <subfield code="8">PD</subfield>
    <subfield code="a">BNPHU</subfield>
    <subfield code="b">BNPHU</subfield>
    <subfield code="c">HD</subfield>
    <subfield code="d">2009-07-21</subfield>
    <subfield code="i">LF1</subfield>
    <subfield code="l">0</subfield>
    <subfield code="o">RD863.5 L832p</subfield>
    <subfield code="p">459-20</subfield>
    <subfield code="r">2020-06-25</subfield>
    <subfield code="t">e.2</subfield>
    <subfield code="w">2020-06-25</subfield>
    <subfield code="y">LF1</subfield>
    <subfield code="Z">No se presta</subfield>
  </datafield>
  <datafield tag="999" ind1=" " ind2=" ">
    <subfield code="c">457</subfield>
    <subfield code="d">457</subfield>
  </datafield>
</record>
